00459nam a22001331i 450000100060000001000180000610000410002410100080006520001240007321500230019732700480022070000230026821000340029116833 a9789892303277 a20170304u u u0frey50 ba0 apor1 fPaul McKennaaMude a sua vida em sete diasechegue onde quiser com o programa motivacional mais seguido em todo o mundo a191, [1] p.d24 cm aContém um Cd de programação da mente  1aMcKennabPaul4070 cLua de PapelaAlfragided2009